Guess The Twenty One Pilots Song Quiz Stats

 Plays Quiz not verified by Sporcle

Score 0/281 Timer 14:00
0 Plays Today
Lyrics % Correct
The
89.7%
A
89.7%
A
89.7%
A
89.7%
The
89.7%
The
89.7%
A
89.7%
And
89.7%
And
89.7%
And
89.7%
A
89.7%
A
89.7%
And
89.7%
The
89.7%
And
89.7%
The
89.7%
A
89.7%
A
89.7%
A
89.7%
A
89.7%
And
89.7%
And
89.7%
The
89.7%
The
89.7%
The
89.7%
A
89.7%
My
85.2%
You
83.3%
You
83.3%
You
83.3%
You
83.3%
You
83.3%
Me
77.4%
Me
77.4%
Me
77.4%
Me
77.4%
Me
77.4%
Me
77.4%
Me
77.4%
Me
77.4%
I
74.5%
I
74.5%
I
74.5%
I
74.5%
I
74.5%
I
74.5%
I
74.5%
I
74.5%
I
74.5%
I
74.5%
He
73.7%
An
72%
To
71.4%
To
71.4%
To
71.4%
To
71.4%
To
71.4%
To
71.4%
Do
71.2%
No
70.5%
No
70.5%
My
70%
My
70%
My
70%
My
70%
Be
69.9%
Be
69.9%
Be
69.9%
Be
69.9%
On
69.5%
On
69.5%
I'm
67.3%
So
67.3%
I'm
67.3%
I'm
67.3%
Is
67.1%
Is
67.1%
Go
65.7%
Know
65.2%
Know
65.2%
Know
65.2%
Your
64.9%
Your
64.9%
Don't
64.6%
Don't
64.6%
It
64.3%
It
64.3%
It
64.3%
What
64.1%
What
64.1%
What
64.1%
What
64.1%
What
64.1%
At
64%
Lyrics % Correct
Are
63.8%
Are
63.8%
Are
63.8%
Of
63.6%
For
63%
Of
62.7%
Of
62.7%
Of
62.7%
Of
62.7%
They
62.5%
They
62.5%
They
62.5%
They
62.5%
When
62.4%
When
62.4%
Not
61.4%
That
59.5%
In
58.7%
Friend
56.2%
Friend
56.2%
Am
55.8%
Am
55.8%
Am
55.8%
Am
55.8%
Think
55.5%
Think
55.5%
Think
55.5%
One
55.5%
Think
55.5%
One
55.5%
Kitchen
55.1%
Kitchen
55.1%
Kitchen
55.1%
Sink
54.6%
Sink
54.6%
Sink
54.6%
You're
54.5%
Because
53.1%
Then
53%
Then
53%
Then
53%
See
53%
Will
52.9%
With
52.8%
With
52.8%
With
52.8%
Time
52.5%
Time
52.5%
But
52.3%
But
52.3%
But
52.3%
Up
51.6%
Up
51.6%
Up
51.6%
Them
51.2%
Who
51.2%
Them
51.2%
Them
51.2%
Okay
51.1%
Could
50.9%
Could
50.9%
Might
50.5%
Might
50.5%
Might
50.5%
Nobody
50.3%
Nobody
50.3%
Nobody
50.3%
Means
50.2%
Say
50.1%
Say
50.1%
Away
50%
Thinks
49.8%
Thinks
49.8%
Searching
49.7%
Purpose
49.7%
Purpose
49.7%
Own
49.4%
At
49.4%
Something
49.2%
Something
49.2%
Yeah
49.1%
Leave
49.1%
Alone
49.1%
Worthless
47.9%
Things
47.6%
Things
47.6%
Blink
47.6%
You'll
47.6%
His
47.4%
Demons
47%
Dreams
46.7%
Meaning
46.6%
Meaning
46.6%
Brink
46.6%
Lyrics % Correct
Brink
46.6%
Brother
45.9%
That's
45.9%
Write
45.8%
Man
45.6%
Man
45.6%
Man
45.6%
Dealing
45.5%
Start
45.2%
After
45.1%
Beginning
45.1%
After
45.1%
Verses
45%
Else
44.9%
Paint
44.8%
Pointless
44.7%
Defeating
44.5%
Nonsense
44.4%
Stand
44.3%
Maybe
44.2%
Curses
44.1%
Here's
44.1%
Here's
44.1%
Shrink
44%
Moment
44%
Moment
44%
Neither
44%
Surface
43.9%
Alright
43.7%
Guy
43.6%
Wordless
43.5%
Blasphemy
43.1%
Way
43%
Going
42.9%
Have
42.6%
Screwed
42.5%
Same
42.4%
Example
42%
Catastrophe
41.9%
Believes
41.8%
Loves
41.5%
Hates
40.9%
Prime
40.9%
Extinction
40.7%
Through
40.7%
Come
40.6%
Bet
40.4%
Bet
40.4%
Bet
40.4%
Head's
40%
Empathy
39.9%
Better
39.7%
Better
39.7%
Better
39.7%
Better
39.7%
Better
39.7%
Gains
39.1%
Momentum
37.2%
Game
36.9%
Play
36.8%
Gambling
36.6%
Gambling
36.6%
Living
36.4%
Artistic
36%
Copy
34.8%
Copy
34.8%
I'll
34.1%
Paste
34%
Been
33.8%
Bother
32.5%
Enemies
30.6%
Tried
29.6%
Bad
29.6%
Rhymes
28.5%
Pretending
28.2%
Caught
27.6%
Passing
26.9%
Friends
26.7%
Rhythm
25.7%
Badder
25.4%
Memories
25%
Rebeginning
24%
Momentary
23.6%
Moments
22.4%
Sinning
21.6%
Behaviour
21.4%
Straight
21%
Sending
20.8%
Battle
20.4%
Battle
20.4%
Bending
20.1%
Mending
19.2%
Winning
18.7%

You're not logged in!

Compare scores with friends on all Sporcle quizzes.
OR
Log In

Show Comments

Extras

Top Quizzes Today


Score Distribution

Your Account Isn't Verified!

In order to create a playlist on Sporcle, you need to verify the email address you used during registration. Go to your Sporcle Settings to finish the process.

Report this User

Report this user for behavior that violates our Community Guidelines.

Details: